| 000 | 00835nam a2200229Ia 4500 | ||
|---|---|---|---|
| 005 | 20241129110953.0 | ||
| 008 | 241129s9999||||xx |||||||||||||| ||und|| | ||
| 020 | _a978-93-85539-39-8 | ||
| 037 | _aTB | ||
| 040 |
_aCRL _bhin _cCRL |
||
| 041 |
_ahin _2hin |
||
| 084 |
_aQ29M75:33:g 152R2 _qCRL |
||
| 100 | _aरंजनलता, ले. | ||
| 245 | 0 |
_aशुक्लयजुर्वेदीय दयानन्द - भाष्य: एक भाषिक अध्ययन _cरंजनलता, ले. |
|
| 260 |
_aदिल्ली, भारत _bविद्यानिधि प्रकाशन _c2022 |
||
| 300 | _a344पृ0 | ||
| 365 |
_aINR _b995 |
||
| 546 | _aTranslated from Sanskrit to Hindi | ||
| 650 | _aReligion | ||
| 942 |
_cTB _hQ29M75:33:g 152R2 |
||
| 999 |
_c1228335 _d1228335 |
||